| 000 | 00478nam a22002057a 4500 | ||
|---|---|---|---|
| 003 | OSt | ||
| 005 | 20190204161746.0 | ||
| 008 | 180423b xxu||||| |||| 00| 0 eng d | ||
| 020 | _aNA | ||
| 040 |
_c0 _dBT-PhCST |
||
| 050 | _a6296-6300 | ||
| 082 |
_222 _a624 _bSHA |
||
| 100 | _aShah, H. J. | ||
| 245 | _aReinforced conceret / | ||
| 250 | _a5th. | ||
| 260 |
_aNew Delhi, _bCharotar, _cc2006. |
||
| 300 |
_axx, 672 p. ; _bill. ; _c21 cm. |
||
| 400 | _av.2 | ||
| 942 |
_2ddc _cCIVIL _02 |
||
| 999 |
_c76 _d76 |
||